[Event "Oakham Young Masters"]
[Site "Oakham"]
[Date "1990.03.29"]
[Round "2"]
[White "Manor, Ilan"]
[Black "Quillan, Gary"]
[Result "1-0"]
[WhiteElo "2450"]
[BlackElo "2290"]
[PlyCount "91"]
[EventDate "1990.03.28"]
[EventType "swiss"]
[EventRounds "9"]
[EventCountry "ENG"]
[SourceTitle "BritBase"]
[Source "John Saunders"]
[SourceDate "2023.06.27"]
[SourceVersion "1"]
[SourceVersionDate "2023.06.27"]
[SourceQuality "1"]

1. d4 e6 2. Nf3 Nf6 3. Bg5 c5 4. e3 b6 5. d5 h6 6. Bxf6 Qxf6 7. Nc3 d6 8. Bb5+
Bd7 9. O-O e5 10. Nd2 Qd8 11. f4 exf4 12. Qg4 Be7 13. Qxg7 Bf6 14. Qg4 Bxc3 15.
Qxf4 O-O 16. bxc3 Bxb5 17. Rf3 f5 18. Qxh6 Qf6 19. Rg3+ Kf7 20. Qh7+ Ke8 21.
Qb7 Nd7 22. Qxa8+ Ke7 23. Qxa7 Qxc3 24. Nb3 c4 25. e4 Qe5 26. Rg6 Rf6 27. Rg7+
Rf7 28. Rxf7+ Kxf7 29. a4 cxb3 30. axb5 Ke7 31. cxb3 fxe4 32. Re1 Qd4+ 33. Kh1
e3 34. Qa1 Qxa1 35. Rxa1 Nf6 36. Rd1 Nxd5 37. Kg1 Ke6 38. Kf1 Ke5 39. h4 Nf4
40. Re1 Ke4 41. g3 Ne6 42. h5 Kf3 43. h6 Ng5 44. Re2 Nh7 45. Ra2 d5 46. Ra7 1-0

[Event "Oakham Young Masters"]
[Site "Oakham"]
[Date "1990.03.29"]
[Round "2"]
[White "Matveeva, Svetlana"]
[Black "Badea, Bela"]
[Result "1/2-1/2"]
[WhiteElo "2360"]
[BlackElo "2495"]
[PlyCount "151"]
[EventDate "1990.03.28"]
[EventType "swiss"]
[EventRounds "9"]
[EventCountry "ENG"]
[SourceTitle "BritBase"]
[Source "John Saunders"]
[SourceDate "2023.06.27"]
[SourceVersion "1"]
[SourceVersionDate "2023.06.27"]
[SourceQuality "1"]

1. d4 Nf6 2. c4 g6 3. Nf3 Bg7 4. Nc3 O-O 5. Bg5 d6 6. e3 h6 7. Bh4 c5 8. Be2 g5
9. Bg3 Nh5 10. dxc5 Nxg3 11. hxg3 dxc5 12. Qc2 e6 13. Rd1 Qe7 14. g4 Nc6 15. a3
Rd8 16. Bd3 b6 17. Bh7+ Kf8 18. Rxd8+ Nxd8 19. Be4 Rb8 20. Ke2 Nb7 21. Nb5 Nd6
22. Nxd6 Qxd6 23. Rd1 Qc7 24. a4 Bd7 25. b3 a6 26. Rc1 Ke7 27. Bd3 h5 28. gxh5
g4 29. Nd2 Qh2 30. g3 Be5 31. Nf1 Qxh5 32. Be4 Bg7 33. Nd2 Qe5 34. Bg2 f5 35.
Nb1 Bf6 36. Rh1 Bg7 37. Rh7 Kf8 38. Rh1 Be8 39. Rd1 Qc7 40. Qd2 Be5 41. Kf1 Bf6
42. Qd6+ Qxd6 43. Rxd6 Ke7 44. Rd1 Be5 45. Rc1 Bd7 46. Nc3 Kd6 47. Ke2 Rh8 48.
Kf1 Rh2 49. Rd1+ Kc7 50. Rc1 Be8 51. Kg1 Rh7 52. Kf1 Rh8 53. Ne2 Bf7 54. Nf4
Rh2 55. Kg1 Rh6 56. Kf1 Be8 57. Ke2 Bd7 58. Rh1 Rxh1 59. Bxh1 b5 60. axb5 axb5
61. Kd3 Kb6 62. cxb5 Kxb5 63. Bg2 Bc7 64. Kc2 Ba5 65. Bf1+ Kc6 66. Bc4 e5 67.
Nd3 Kd6 68. Kd1 Bc6 69. Ke2 Bf3+ 70. Kf1 Bc3 71. Nc1 Bd2 72. Nd3 Ba5 73. Nc1
Bc3 74. Nd3 Bd1 75. Bf7 Bf3 76. Bc4 1/2-1/2

[Event "Oakham Young Masters"]
[Site "Oakham"]
[Date "1990.03.29"]
[Round "2"]
[White "Mortazavi, Ali"]
[Black "Schlosser, Michael"]
[Result "0-1"]
[WhiteElo "2275"]
[BlackElo "2340"]
[PlyCount "68"]
[EventDate "1990.03.28"]
[EventType "swiss"]
[EventRounds "9"]
[EventCountry "ENG"]
[SourceTitle "BritBase"]
[Source "John Saunders"]
[SourceDate "2023.06.27"]
[SourceVersion "1"]
[SourceVersionDate "2023.06.27"]
[SourceQuality "1"]

1. d4 Nf6 2. c4 g6 3. Nc3 Bg7 4. Nf3 O-O 5. Bf4 d6 6. e3 Nh5 7. Bg5 h6 8. Bh4
g5 9. Bg3 f5 10. c5 e6 11. Qb3 f4 12. exf4 Nxf4 13. O-O-O Qe7 14. cxd6 cxd6 15.
Qa3 Nc6 16. Nb5 d5 17. Qxe7 Nxe7 18. Nd6 Nc6 19. h3 a6 20. Kb1 Rb8 21. h4 g4
22. Nh2 Bd7 23. Nxg4 h5 24. Ne5 Nxe5 25. dxe5 Bxe5 26. Ne4 Ba4 27. b3 Be8 28.
Nc5 Bg6+ 29. Nd3 Rbc8 30. Rd2 Rc3 31. Bxf4 Rxf4 32. Rh3 Rf6 33. Rh1 Bd4 34. f3
e5 0-1

[Event "Oakham Young Masters"]
[Site "Oakham"]
[Date "1990.03.29"]
[Round "2"]
[White "Norwood, David Robert"]
[Black "Stratil, Ladislav Jr"]
[Result "1-0"]
[WhiteElo "2530"]
[BlackElo "2380"]
[PlyCount "123"]
[EventDate "1990.03.28"]
[EventType "swiss"]
[EventRounds "9"]
[EventCountry "ENG"]
[SourceTitle "BritBase"]
[Source "John Saunders"]
[SourceDate "2023.06.27"]
[SourceVersion "1"]
[SourceVersionDate "2023.06.27"]
[SourceQuality "1"]

1. g3 Nf6 2. Bg2 g6 3. e4 d6 4. d4 Bg7 5. Nc3 O-O 6. Nge2 Nbd7 7. O-O e5 8. h3
Re8 9. Be3 c6 10. a4 a5 11. Re1 Qc7 12. g4 h5 13. g5 Nh7 14. Qd2 Ndf8 15. Rad1
Qe7 16. h4 f6 17. d5 c5 18. Kh2 Nd7 19. Ng1 Rf8 20. Nh3 fxg5 21. hxg5 Nb6 22.
b3 Bg4 23. Ne2 Bf3 24. Bxf3 Rxf3 25. Neg1 Rf7 26. Qe2 Qc7 27. Nf3 Nd7 28. Nh4
Nhf8 29. Rg1 Rc8 30. Qc4 Qb6 31. Bd2 Ra8 32. Rg3 Qa6 33. Rb1 Ra7 34. Kg2 Ra8
35. Ng1 Nb6 36. Qxa6 Rxa6 37. Ne2 Nbd7 38. Nc3 Nb6 39. Nb5 Nc8 40. Na3 Ra7 41.
Nc4 b6 42. Rf1 Rae7 43. f3 Re8 44. Kf2 Kh7 45. Rh1 Kg8 46. Ke2 Ree7 47. Kd3 Re8
48. Rgg1 Ree7 49. c3 Ra7 50. Rf1 Kh7 51. Ng2 Nd7 52. Nge3 Kg8 53. Na3 Nb8 54.
Nb5 Rad7 55. Nc4 Na6 56. f4 exf4 57. Bxf4 Bf8 58. e5 Rd8 59. e6 Rg7 60. Bg3 Be7
61. Rf6 Nc7 62. Nxc7 {(sealed move)} 1-0

[Event "Oakham Young Masters"]
[Site "Oakham"]
[Date "1990.03.29"]
[Round "2"]
[White "Ruxton, Keith"]
[Black "Kumaran, Dharshan"]
[Result "0-1"]
[WhiteElo "2325"]
[BlackElo "2230"]
[PlyCount "66"]
[EventDate "1990.03.28"]
[EventType "swiss"]
[EventRounds "9"]
[EventCountry "ENG"]
[SourceTitle "BritBase"]
[Source "John Saunders"]
[SourceDate "2023.06.27"]
[SourceVersion "1"]
[SourceVersionDate "2023.06.27"]
[SourceQuality "1"]

1. e4 c6 2. d4 d5 3. exd5 cxd5 4. c4 Nf6 5. Nc3 e6 6. Nf3 Bb4 7. cxd5 Nxd5 8.
Bd2 Nc6 9. Bd3 O-O 10. O-O Be7 11. Be3 g6 12. Rc1 Bf6 13. Bb1 Bg7 14. Qd2 Nxe3
15. fxe3 b6 16. Qf2 Bb7 17. Qg3 Rc8 18. Ne4 Ne7 19. Rxc8 Bxc8 20. Qf2 Bb7 21.
h3 Qc7 22. Nfg5 Nf5 23. Nf3 Bxe4 24. Bxe4 Ng3 25. Bd3 Nxf1 26. Qxf1 h6 27. Qe2
Qd6 28. h4 h5 29. a3 Rc8 30. Kf2 e5 31. dxe5 Bxe5 32. Nxe5 Qxe5 33. Bc4 Kg7 0-1

[Event "Oakham Young Masters"]
[Site "Oakham"]
[Date "1990.03.29"]
[Round "2"]
[White "Siekanski, Janusz"]
[Black "Blatny, Pavel"]
[Result "0-1"]
[WhiteElo "2370"]
[BlackElo "2510"]
[PlyCount "82"]
[EventDate "1990.03.28"]
[EventType "swiss"]
[EventRounds "9"]
[EventCountry "ENG"]
[SourceTitle "BritBase"]
[Source "John Saunders"]
[SourceDate "2023.06.27"]
[SourceVersion "1"]
[SourceVersionDate "2023.06.27"]
[SourceQuality "1"]

1. d4 Nf6 2. Nf3 e6 3. c4 d5 4. Nc3 Bb4 5. cxd5 exd5 6. Bg5 Nbd7 7. e3 c5 8.
Bd3 Qa5 9. Qc2 c4 10. Bf5 O-O 11. O-O Re8 12. Nd2 g6 13. Bh3 Bxc3 14. bxc3 Ne4
15. Nxe4 dxe4 16. Bf4 Nb6 17. Bxc8 Raxc8 18. f3 Nd5 19. fxe4 Qxc3 20. Qxc3 Nxc3
21. e5 b5 22. Rf2 b4 23. Rb2 a5 24. Kf2 Nd5 25. Bh6 f5 26. Kf3 c3 27. Rf2 a4
28. e4 Ne7 29. d5 fxe4+ 30. Kxe4 Nf5 31. Rxf5 gxf5+ 32. Kxf5 Rc5 33. Rd1 c2 34.
Rd4 Kh8 35. Rg4 c1=Q 36. Bg7+ Kg8 37. Bh6+ Kf7 38. Rg7+ Kf8 39. Rxh7+ Kg8 40.
Rg7+ Kh8 41. Bxc1 Kxg7 0-1

[Event "Oakham Young Masters"]
[Site "Oakham"]
[Date "1990.03.29"]
[Round "2"]
[White "Ulibin, Mikhail"]
[Black "Juergens Peicheva, Vera"]
[Result "1-0"]
[WhiteElo "2500"]
[BlackElo "2185"]
[PlyCount "47"]
[EventDate "1990.03.28"]
[EventType "swiss"]
[EventRounds "9"]
[EventCountry "ENG"]
[SourceTitle "BritBase"]
[Source "John Saunders"]
[SourceDate "2023.06.27"]
[SourceVersion "1"]
[SourceVersionDate "2023.06.27"]
[SourceQuality "1"]

1. e4 c5 2. Nf3 Nc6 3. Bb5 e5 4. O-O Nge7 5. c3 g6 6. d4 cxd4 7. cxd4 exd4 8.
Bf4 d6 9. Qxd4 Rg8 10. Na3 a6 11. Nc4 Bg7 12. Nxd6+ Kf8 13. Qc4 Be6 14. Ng5 Nc8
15. Nxe6+ fxe6 16. Qxe6 Qe7 17. Bc4 Qxe6 18. Bxe6 Nd4 19. Bxg8 Ne2+ 20. Kh1
Nxf4 21. Nxc8 Rxc8 22. Bb3 Bxb2 23. Rad1 Ke7 24. g3 1-0

[Event "Oakham Young Masters"]
[Site "Oakham"]
[Date "1990.03.30"]
[Round "3"]
[White "Akopian, Vladimir Eduardovic"]
[Black "Manor, Ilan"]
[Result "1/2-1/2"]
[WhiteElo "2550"]
[BlackElo "2450"]
[PlyCount "21"]
[EventDate "1990.03.28"]
[EventType "swiss"]
[EventRounds "9"]
[EventCountry "ENG"]
[SourceTitle "BritBase"]
[Source "John Saunders"]
[SourceDate "2023.06.27"]
[SourceVersion "1"]
[SourceVersionDate "2023.06.27"]
[SourceQuality "1"]

1. e4 d5 2. exd5 Nf6 3. d4 Nxd5 4. c4 Nb6 5. Nc3 e5 6. dxe5 Qxd1+ 7. Nxd1 Nc6
8. f4 Be6 9. Ne3 Bc5 10. b3 O-O-O 11. Nf3 1/2-1/2

[Event "Oakham Young Masters"]
[Site "Oakham"]
[Date "1990.03.30"]
[Round "3"]
[White "Badea, Bela"]
[Black "Buckley, Graeme N"]
[Result "1-0"]
[WhiteElo "2495"]
[BlackElo "2240"]
[PlyCount "72"]
[EventDate "1990.03.28"]
[EventType "swiss"]
[EventRounds "9"]
[EventCountry "ENG"]
[SourceTitle "BritBase"]
[Source "John Saunders"]
[SourceDate "2023.06.27"]
[SourceVersion "1"]
[SourceVersionDate "2023.06.27"]
[SourceQuality "1"]

1. c4 g6 2. Nc3 Bg7 3. Nf3 d6 4. d4 Nf6 5. g3 O-O 6. Bg2 Nbd7 7. O-O e5 8. h3
Re8 9. e4 c6 10. Re1 Qb6 11. d5 Nc5 12. Rb1 a5 13. Be3 Qb4 14. dxc6 Ncxe4 15.
Ng5 Nxg5 16. Bxg5 Be6 17. cxb7 Rab8 18. Bxf6 Bxf6 19. Nd5 Bxd5 20. Bxd5 Bg7 21.
a3 Qb6 22. b4 Kh8 23. Qa4 axb4 24. Rxb4 Qc7 25. Qc6 Qe7 26. Ra4 f5 27. Ra8 Qf8
28. Rxb8 Rxb8 29. a4 e4 30. Qb6 Bc3 31. Re3 Be5 32. a5 Qf6 33. a6 Bd4 34. a7
Bxb6 35. axb8=Q+ Kg7 36. Qg8+ Kh6 1-0

[Event "Oakham Young Masters"]
[Site "Oakham"]
[Date "1990.03.30"]
[Round "3"]
[White "Cooper, Lawrence"]
[Black "Ruxton, Keith"]
[Result "0-1"]
[WhiteElo "2310"]
[BlackElo "2325"]
[PlyCount "126"]
[EventDate "1990.03.28"]
[EventType "swiss"]
[EventRounds "9"]
[EventCountry "ENG"]
[SourceTitle "BritBase"]
[Source "John Saunders"]
[SourceDate "2023.06.27"]
[SourceVersion "1"]
[SourceVersionDate "2023.06.27"]
[SourceQuality "1"]

1. d4 Nf6 2. Nf3 g6 3. Nc3 c5 4. e4 cxd4 5. Nxd4 Bg7 6. e5 Ng8 7. f4 Nc6 8. Be3
f6 9. exf6 Nxf6 10. Bc4 d5 11. Be2 O-O 12. O-O Kh8 13. Qd2 Bd7 14. Bf3 e6 15.
Rae1 Na5 16. b3 Re8 17. Kh1 Rc8 18. Qd3 b6 19. Nde2 Bc6 20. Bd4 Bb7 21. Be3 Ba8
22. Nd4 Nb7 23. Rd1 Nd6 24. Rfe1 Nde4 25. Nb1 Bb7 26. Nd2 Nc3 27. Ra1 Nfe4 28.
Bg4 Nxd2 29. Qxd2 Ne4 30. Qe2 Qd7 31. Qf3 Qf7 32. Rad1 Rcd8 33. Qh3 Bc8 34. Nf3
Ba6 35. Ne5 Bxe5 36. fxe5 Rc8 37. Rc1 Rc3 38. Qh4 Rxe3 39. Rxe3 Qf2 40. Rh3 h5
41. Bf3 Qe3 42. Rf1 Rf8 43. c4 dxc4 44. g4 cxb3 45. Qe7 Qf4 46. gxh5 g5 47.
Qxe6 Qf7 48. Qh6+ Kg8 49. Be2 bxa2 50. Rxf7 a1=Q+ 51. Kg2 Rxf7 52. Qg6+ Kf8 53.
Rf3 Rxf3 54. Kxf3 Nd2+ 55. Kg2 Bb7+ 56. Kh3 Qc3+ 57. Bd3 g4+ 58. Kxg4 Qd4+ 59.
Kh3 Qe3+ 60. Qg3 Bc8+ 61. Kg2 Bb7+ 62. Kh3 Nf3 63. Bf5 Qxe5 0-1

[Event "Oakham Young Masters"]
[Site "Oakham"]
[Date "1990.03.30"]
[Round "3"]
[White "Hracek, Zbynek"]
[Black "Ulibin, Mikhail"]
[Result "0-1"]
[WhiteElo "2390"]
[BlackElo "2500"]
[PlyCount "72"]
[EventDate "1990.03.28"]
[EventType "swiss"]
[EventRounds "9"]
[EventCountry "ENG"]
[SourceTitle "BritBase"]
[Source "John Saunders"]
[SourceDate "2023.06.27"]
[SourceVersion "1"]
[SourceVersionDate "2023.06.27"]
[SourceQuality "1"]

1. d4 e6 2. c4 Nf6 3. Nc3 Bb4 4. Qc2 O-O 5. a3 Bxc3+ 6. Qxc3 b6 7. Bg5 Bb7 8.
Nh3 h6 9. Bh4 d5 10. cxd5 exd5 11. e3 Re8 12. Bd3 c5 13. O-O c4 14. Bc2 Nc6 15.
f3 b5 16. Nf2 Qd6 17. Rad1 a5 18. e4 b4 19. Qd2 dxe4 20. Nxe4 Nxe4 21. fxe4
bxa3 22. bxa3 Qxa3 23. Qf4 Qf8 24. e5 Nb4 25. Bb1 c3 26. Rc1 Rac8 27. Bf5 Rc6
28. Be4 c2 29. Qf5 g6 30. Qd7 Ba8 31. d5 Rc4 32. Bxg6 Bxd5 33. Be1 Re7 34. Qd6
Rg4 35. Bxb4 Rxg2+ 36. Kh1 Qa8 0-1

[Event "Oakham Young Masters"]
[Site "Oakham"]
[Date "1990.03.30"]
[Round "3"]
[White "Kogan, Artur"]
[Black "Regan, Natasha K"]
[Result "1-0"]
[WhiteElo "2335"]
[BlackElo "2010"]
[PlyCount "47"]
[EventDate "1990.03.28"]
[EventType "swiss"]
[EventRounds "9"]
[EventCountry "ENG"]
[SourceTitle "BritBase"]
[Source "John Saunders"]
[SourceDate "2023.06.27"]
[SourceVersion "1"]
[SourceVersionDate "2023.06.27"]
[SourceQuality "1"]

1. e4 g6 2. d4 Bg7 3. Nc3 c6 4. Be3 d5 5. Qd2 Nf6 6. e5 Ng4 7. Bf4 h5 8. Nf3
Nd7 9. e6 fxe6 10. Bd3 Nf8 11. h3 Nh6 12. Be5 Bf6 13. Qf4 Nf7 14. h4 Rg8 15.
O-O-O Bxe5 16. Nxe5 Nxe5 17. dxe5 Qc7 18. Rh3 Bd7 19. Rf3 O-O-O 20. Qf7 Rh8 21.
Re1 d4 22. Nb1 Qa5 23. Re2 Rh7 24. Qg8 1-0

[Event "Oakham Young Masters"]
[Site "Oakham"]
[Date "1990.03.30"]
[Round "3"]
[White "Luther, Thomas"]
[Black "Galliamova, Alisa"]
[Result "0-1"]
[WhiteElo "2405"]
[BlackElo "2365"]
[PlyCount "98"]
[EventDate "1990.03.28"]
[EventType "swiss"]
[EventRounds "9"]
[EventCountry "ENG"]
[SourceTitle "BritBase"]
[Source "John Saunders"]
[SourceDate "2023.06.27"]
[SourceVersion "1"]
[SourceVersionDate "2023.06.27"]
[SourceQuality "1"]

1. e4 c5 2. Nf3 Nc6 3. d4 cxd4 4. Nxd4 Nf6 5. Nc3 d6 6. Bg5 e6 7. Qd2 a6 8.
O-O-O Bd7 9. f4 b5 10. Bxf6 gxf6 11. Kb1 Qb6 12. Nxc6 Bxc6 13. Bd3 h5 14. Rhf1
Qc5 15. Qe1 Be7 16. Qg3 h4 17. Qg4 h3 18. g3 Qh5 19. Qxh5 Rxh5 20. f5 b4 21.
Ne2 e5 22. c3 a5 23. cxb4 axb4 24. Rc1 Kd7 25. Rc2 Ra5 26. Rfc1 Rc5 27. Rxc5
dxc5 28. b3 Rh8 29. Ng1 Kc7 30. Re1 Rd8 31. Kc2 Kb6 32. Re2 Ra8 33. Kb1 Rh8 34.
Nf3 Bf8 35. Bc4 Bh6 36. Kc2 Ra8 37. Kb1 Rd8 38. Kc2 Bb5 39. Bxb5 Kxb5 40. Re1
Ra8 41. Kb1 c4 42. Rd1 Ra3 43. bxc4+ Kxc4 44. Ng1 Be3 45. Nxh3 Bd4 46. Rc1+ Kd3
47. Ng1 b3 48. Rd1+ Kc4 49. axb3+ Kxb3 0-1

[Event "Oakham Young Masters"]
[Site "Oakham"]
[Date "1990.03.30"]
[Round "3"]
[White "Quillan, Gary"]
[Black "Ward, Christopher G"]
[Result "0-1"]
[WhiteElo "2290"]
[BlackElo "2390"]
[PlyCount "124"]
[EventDate "1990.03.28"]
[EventType "swiss"]
[EventRounds "9"]
[EventCountry "ENG"]
[SourceTitle "BritBase"]
[Source "John Saunders"]
[SourceDate "2023.06.27"]
[SourceVersion "1"]
[SourceVersionDate "2023.06.27"]
[SourceQuality "1"]

1. e4 c5 2. Nf3 d6 3. c3 Nf6 4. h3 Nc6 5. Bd3 d5 6. e5 Nd7 7. e6 fxe6 8. Ng5
Nf6 9. Bxh7 Nxh7 10. Qh5+ Kd7 11. Nxh7 b6 12. Nf6+ exf6 13. Qxh8 Ba6 14. Qh4 g5
15. Qh7+ Kc8 16. d4 cxd4 17. cxd4 Nb4 18. Be3 Nd3+ 19. Kf1 f5 20. Kg1 f4 21.
Bd2 Qf6 22. Bc3 f3 23. g3 Be7 24. Nd2 Kb7 25. Qh5 Rf8 26. Qg4 Ka8 27. h4 gxh4
28. Rxh4 Bc8 29. Rh7 e5 30. dxe5 Bxg4 31. exf6 Bc5 32. Rf1 d4 33. Rh4 dxc3 34.
Ne4 c2 35. Rxg4 c1=Q 36. Rxc1 Nxc1 37. Rg7 Nd3 38. f7 Kb7 39. Ng5 Bxf2+ 40. Kf1
Bd4 41. Rh7 Nc5 42. b4 Bf6 43. Nh3 Nd3 44. Ng1 f2 45. Nf3 Nxb4 46. Kxf2 Nxa2
47. g4 Nc3 48. Ke3 Nd5+ 49. Ke4 Kc6 50. Kf5 Kd6 51. g5 Ke7 52. gxf6+ Nxf6 53.
Rh1 Rxf7 54. Re1+ Kd6 55. Ne5 Rf8 56. Ng6 Re8 57. Ra1 Nd5 58. Rxa7 b5 59. Ra6+
Kc5 60. Ne5 Rf8+ 61. Ke4 Rf4+ 62. Kd3 Rd4+ 0-1

[Event "Oakham Young Masters"]
[Site "Oakham"]
[Date "1990.03.30"]
[Round "3"]
[White "Schlosser, Michael"]
[Black "Maric, Mirjana"]
[Result "1/2-1/2"]
[WhiteElo "2340"]
[BlackElo "2275"]
[PlyCount "129"]
[EventDate "1990.03.28"]
[EventType "swiss"]
[EventRounds "9"]
[EventCountry "ENG"]
[SourceTitle "BritBase"]
[Source "John Saunders"]
[SourceDate "2023.06.27"]
[SourceVersion "1"]
[SourceVersionDate "2023.06.27"]
[SourceQuality "1"]

1. e4 e6 2. d4 d5 3. Nc3 Nf6 4. e5 Nfd7 5. f4 c5 6. Nf3 Nc6 7. Be3 a6 8. Qd2 b5
9. dxc5 Bxc5 10. Bxc5 Nxc5 11. Qf2 Qb6 12. Bd3 b4 13. Ne2 a5 14. O-O Na4 15.
Qxb6 Nxb6 16. Bb5 Bd7 17. Bxc6 Bxc6 18. Ned4 Bb7 19. b3 O-O 20. a3 bxa3 21.
Rxa3 a4 22. Rb1 Bc8 23. Rba1 Bd7 24. Ne1 axb3 25. Rxa8 Rxa8 26. Rxa8+ Nxa8 27.
cxb3 Kf8 28. Kf2 Ke7 29. Ke3 Be8 30. f5 Bd7 31. fxe6 Bxe6 32. Nd3 Bd7 33. Nc2
Bf5 34. Ncb4 Nc7 35. Nc5 Be6 36. Nc6+ Ke8 37. Nd4 Bd7 38. Kd3 Ke7 39. Kc3 Nb5+
40. Nxb5 Bxb5 41. Kd4 Bc6 42. Na6 Bb7 43. Nc7 f6 44. exf6+ Kxf6 45. b4 g5 46.
b5 h5 47. Na6 Kf5 48. Nc5 Ba8 49. b6 h4 50. b7 Bxb7 51. Nxb7 Kg4 52. Nc5 h3 53.
g3 Kf3 54. Ne6 Kg2 55. Ke3 Kxh2 56. Kf2 g4 57. Nf4 d4 58. Nd3 Kh1 59. Kf1 Kh2
60. Kf2 Kh1 61. Ne5 d3 62. Nxg4 d2 63. Ne3 h2 64. g4 d1=Q 65. Nxd1 1/2-1/2

[Event "Oakham Young Masters"]
[Site "Oakham"]
[Date "1990.03.30"]
[Round "3"]
[White "Stangl, Markus"]
[Black "Norwood, David Robert"]
[Result "0-1"]
[WhiteElo "2405"]
[BlackElo "2530"]
[PlyCount "90"]
[EventDate "1990.03.28"]
[EventType "swiss"]
[EventRounds "9"]
[EventCountry "ENG"]
[SourceTitle "BritBase"]
[Source "John Saunders"]
[SourceDate "2023.06.27"]
[SourceVersion "1"]
[SourceVersionDate "2023.06.27"]
[SourceQuality "1"]

1. Nf3 g6 2. c4 Bg7 3. d4 c5 4. Nc3 cxd4 5. Nxd4 Nc6 6. e3 Nh6 7. Bd3 d6 8. O-O
O-O 9. h3 Bd7 10. Nxc6 bxc6 11. e4 f5 12. exf5 gxf5 13. Qh5 Qe8 14. Qh4 Nf7 15.
Re1 Ne5 16. Be2 Bf6 17. Bg5 Ng6 18. Qh5 Kh8 19. Rad1 Qf7 20. Bxf6+ Qxf6 21. Qh6
Rg8 22. Kh1 Raf8 23. Bf1 f4 24. Rd2 Rg7 25. Red1 Rfg8 26. Ne4 Qh4 27. Qxh4 Nxh4
28. g3 fxg3 29. fxg3 Bf5 30. Bd3 Bxe4+ 31. Bxe4 Rxg3 32. Rd3 c5 33. Bd5 R8g5
34. Kh2 Rxd3 35. Rxd3 e6 36. Bxe6 Rg2+ 37. Kh1 Rxb2 38. Ra3 Kg7 39. Rxa7+ Kf6
40. Bd5 h5 41. a4 Nf5 42. a5 Ne3 43. Bg8 Kg5 44. a6 Kf4 45. Kg1 Rg2+ 0-1

[Event "Oakham Young Masters"]
[Site "Oakham"]
[Date "1990.03.30"]
[Round "3"]
[White "Stratil, Ladislav Jr"]
[Black "Cullip, Stephen J"]
[Result "1-0"]
[WhiteElo "2380"]
[BlackElo "2285"]
[PlyCount "91"]
[EventDate "1990.03.28"]
[EventType "swiss"]
[EventRounds "9"]
[EventCountry "ENG"]
[SourceTitle "BritBase"]
[Source "John Saunders"]
[SourceDate "2023.06.27"]
[SourceVersion "1"]
[SourceVersionDate "2023.06.27"]
[SourceQuality "1"]

1. Nf3 Nf6 2. g3 b6 3. Bg2 Bb7 4. O-O e6 5. d3 Be7 6. e4 d6 7. Qe2 O-O 8. Ng5
Nfd7 9. Nh3 c5 10. f4 Nc6 11. c3 b5 12. g4 e5 13. f5 c4 14. dxc4 bxc4 15. g5
Nc5 16. Be3 Nd3 17. f6 gxf6 18. gxf6 Bxf6 19. Bh6 Bc8 20. Qf3 Bh4 21. Qh5 Be7
22. Nd2 Be6 23. Rf3 Kh8 24. Bxf8 Qxf8 25. Ng5 Bxg5 26. Qxg5 Nf4 27. Qf6+ Qg7
28. Qxg7+ Kxg7 29. b3 Na5 30. b4 Nb7 31. Bf1 Rc8 32. Kf2 Kg6 33. Rg3+ Kf6 34.
Be2 h5 35. h4 d5 36. exd5 Bxd5 37. Bf3 Rd8 38. Bxd5 Rxd5 39. Nxc4 Nd8 40. a4
Nde6 41. Ke1 Ng6 42. Rd1 Rxd1+ 43. Kxd1 Kf5 44. a5 Kf4 45. Rg1 Nxh4 46. Rf1+
1-0

[Event "Oakham Young Masters"]
[Site "Oakham"]
[Date "1990.03.30"]
[Round "3"]
[White "Summerscale, Aaron P"]
[Black "Chabanon, Jean Luc"]
[Result "1/2-1/2"]
[WhiteElo "2295"]
[BlackElo "2390"]
[PlyCount "113"]
[EventDate "1990.03.28"]
[EventType "swiss"]
[EventRounds "9"]
[EventCountry "ENG"]
[SourceTitle "BritBase"]
[Source "John Saunders"]
[SourceDate "2023.06.27"]
[SourceVersion "1"]
[SourceVersionDate "2023.06.27"]
[SourceQuality "1"]

1. Nf3 g6 2. e4 d6 3. d4 Nf6 4. Bd3 Bg7 5. O-O O-O 6. Nbd2 Nc6 7. c3 e5 8. dxe5
dxe5 9. Nc4 Nh5 10. Bg5 f6 11. Bh4 Qe8 12. Ne3 Nf4 13. Bc4+ Kh8 14. Re1 Nd8 15.
Qc2 Nf7 16. Nd2 Nd6 17. Bf1 b6 18. Ndc4 Nxc4 19. Bxc4 Bb7 20. f3 Rd8 21. Rad1
Qe7 22. Bf2 c6 23. a4 Bc8 24. Rxd8 Rxd8 25. Rd1 Bf8 26. Bf1 Ne6 27. Nc4 Qc7 28.
b4 Be7 29. Rxd8+ Qxd8 30. Qd3 Qc7 31. Qd2 Kg7 32. Be3 h5 33. Bf2 Nd8 34. Qe3
Nb7 35. Qd2 Nd6 36. Nxd6 Qxd6 37. Qxd6 Bxd6 38. Bc4 f5 39. Kf1 c5 40. bxc5 Bxc5
41. Bxc5 bxc5 42. Ke2 f4 43. Kd3 g5 44. h3 g4 45. fxg4 hxg4 46. hxg4 Bxg4 47.
a5 Kf6 48. Kd2 Be6 49. Bxe6 Kxe6 50. Kd3 a6 51. Kc4 Kd6 52. Kd3 Kd7 53. c4 Ke6
54. Ke2 Kf6 55. Kf3 Kg5 56. g3 fxg3 57. Kxg3 1/2-1/2

[Event "Oakham Young Masters"]
[Site "Oakham"]
[Date "1990.03.30"]
[Round "3"]
[White "Tozer, Richard JD"]
[Black "Arakhamia-Grant, Ketevan"]
[Result "0-1"]
[WhiteElo "2290"]
[BlackElo "2385"]
[PlyCount "68"]
[EventDate "1990.03.28"]
[EventType "swiss"]
[EventRounds "9"]
[EventCountry "ENG"]
[SourceTitle "BritBase"]
[Source "John Saunders"]
[SourceDate "2023.06.27"]
[SourceVersion "1"]
[SourceVersionDate "2023.06.27"]
[SourceQuality "1"]

1. d4 d5 2. c4 c6 3. cxd5 cxd5 4. Nc3 Nf6 5. Bf4 e6 6. e3 Bd6 7. Bxd6 Qxd6 8.
f4 O-O 9. Bd3 a6 10. g4 g6 11. g5 Nh5 12. Nf3 Nc6 13. Ne5 Ne7 14. O-O Nf5 15.
Rf3 Bd7 16. Kh1 Be8 17. Rh3 f6 18. gxf6 Nxf6 19. Qf3 b5 20. Rg1 Ra7 21. Nd1 Rg7
22. Nf2 Nh5 23. Nfg4 Kh8 24. Bb1 b4 25. Qf2 g5 26. Qd2 gxf4 27. exf4 Rfg8 28.
Rg2 Qf8 29. Ne3 Nxe3 30. Rxg7 Qxg7 31. Qf2 Ng4 32. Nxg4 Qxg4 33. Re3 Qxf4 34.
Qe2 Qxd4 0-1

[Event "Oakham Young Masters"]
[Site "Oakham"]
[Date "1990.03.31"]
[Round "4"]
[White "Adams, Michael"]
[Black "Norwood, David Robert"]
[Result "1/2-1/2"]
[WhiteElo "2555"]
[BlackElo "2530"]
[PlyCount "20"]
[EventDate "1990.03.28"]
[EventType "swiss"]
[EventRounds "9"]
[EventCountry "ENG"]
[SourceTitle "BritBase"]
[Source "John Saunders"]
[SourceDate "2023.06.27"]
[SourceVersion "1"]
[SourceVersionDate "2023.06.27"]
[SourceQuality "1"]

1. e4 g6 2. d4 Bg7 3. Nc3 d6 4. Be3 c6 5. Qd2 b5 6. f3 Nd7 7. h4 h5 8. O-O-O
Qa5 9. Kb1 Nb6 10. Nce2 Qxd2 1/2-1/2